Equipos del fútbol chileno con imágenes - Estadísticas

Estadísticas generales
  • Esta prueba ha sido intentada 17 veces
  • La puntuación promedio es 22 de 35
Estadísticas de respuestas
Imagen Respuesta % Correcto
Colo-Colo
100%
Universidad Católica
100%
Palestino
94%
Unión Española
94%
O'Higgins
88%
Universidad de Chile
88%
Coquimbo Unido
81%
Audax Italiano
75%
Cobreloa
75%
Cobresal
75%
Deportes Concepción
75%
Deportes Iquique
75%
Deportes Limache
75%
Deportes La Serena
69%
Everton de Viña del Mar
69%
Huachipato
69%
Santiago Wanderers
69%
Unión La Calera
69%
Curicó Unido
63%
Ñublense
63%
Deportes Copiapó
56%
Deportes Puerto Montt
56%
Magallanes
56%
San Luis de Quillota
56%
Deportes Temuco
50%
San Marcos de Arica
50%
Santiago Morning
50%
Deportes Antofagasta
44%
Rangers
44%
Unión San Felipe
44%
Universidad de Concepción
44%
Lota Schwager
38%
Provincial Osorno
38%
Trasandino
31%
Fernández Vial
25%
No se encontraron pruebas coincidentes
Distribución de puntuación
Porcentaje de gente con cada puntuación
Porcentaje por número respondido
Historial de tus puntuaciones
No has intentado esta prueba.